Stadtparks - Statistiken

Allgemein
  • Dieses Quiz wurde 109 mal gespielt
  • Das Durchschnittsergebnis liegt bei 11 aus 15
Antwortstatistiken
Parks Stadt % Korrekt
Hyde Park, Green Park, Kensington Gardens London
100%
Washington Square, Central Park, Bryant Park New York
99%
Hofgarten, Schlosspark Nymphenburg, Englischer Garten München
97%
Burggarten, Girardipark, Prater Wien
95%
Jardin du Luxembourg, Jardin des Plantes, Bois de Boulogne Paris
92%
Kungsträdgården, Djurgården, Humlegården Stockholm
92%
Gärten der Welt, Pfaueninsel, Großer Tiergarten Berlin
90%
Planten un Blomen, Loki-Schmidt-Garten, Jenischpark Hamburg
84%
Villa Borghese, Parco degli Acquedotti, Parco Roseto Comunale Rom
80%
Okuma-Garten, Ueno-Park, Yoyogi-Park Tokio
79%
Herrenhäuser Gärten, Welfengarten, Maschpark Hannover
54%
Palmengarten, Martin-Luther-King-Park, Brentanopark Frankfurt
49%
Grugapark, Hügelpark, Gervinuspark Essen
43%
Kelvingrove Park, Queen's Park, Pollok Country Park Glasgow
28%
Stanley Park, Hillcrest Park, Dr. Sun Yat-Sen Classical Chinese Garden Vancouver
14%
Keine übereinstimmenden Quizze gefunden
Verteilung der Resultate
Anzahl Personen mit jedem Resultat
Perzentil nach korrekt beantworteten Fragen
Ihre Resultats-Entwicklung
Sie haben dieses Quiz noch nicht gespielt